Emergency medical services : education agenda for the future : a systems approach.

Bibliographic Details
Corporate Author: United States. National Highway Traffic Safety Administration
Format: Government Document Book
Language:English
Published: [Washington, D.C.] : [National Highway Traffic Safety Administration], [2000]
Subjects:
Online Access:https://purl.fdlp.gov/GPO/LPS11195

MARC

Tag First Indicator Second Indicator Subfields
LEADER 00000cam a22000007a 4500
001 in00001621021
005 20211202191458.0
006 m d f
008 010417s2000 dcu s f000 0 eng d
035 |a (OCoLC)ocm46767209 
040 |a GPO  |c GPO  |d DLC  |d MvI  |d UtOrBLW 
049 |a WWW 
074 |a 0982-D-01 (online) 
086 0 |a TD 8.2:2001003890 
245 0 0 |a Emergency medical services :  |b education agenda for the future : a systems approach. 
246 3 0 |a Education agenda for the future 
264 1 |a [Washington, D.C.] :  |b [National Highway Traffic Safety Administration],  |c [2000] 
336 |a text  |b txt  |2 rdacontent 
337 |a computer  |b c  |2 rdamedia 
338 |a unspecified  |b zu  |2 rdacarrier 
538 |a Mode of access: Internet from the NHTSA web site. Address as of 4/17/01: http://www.nhtsa.dot.gov/people/injury/ems/EdAgenda/final/; current access is available via PURL. 
500 |a Title from title screen. 
500 |a Electronic resource. 
650 0 |a Emergency medical services  |x Study and teaching  |z United States. 
710 1 |a United States.  |b National Highway Traffic Safety Administration. 
856 4 0 |u https://purl.fdlp.gov/GPO/LPS11195  |t 0 
999 |a MARS 
999 f f |s df44aae0-279a-3b65-8bc9-050c5b241a7d  |i f0fcac51-605f-3ee1-8d7a-e02d3c2e7112  |t 0 
952 f f |a Texas A&M University  |b College Station  |c Electronic Resources  |d Available Online  |t 0  |e TD 8.2:2001003890  |h Superintendent of Documents classification 
998 f f |a TD 8.2:2001003890  |t 0  |l Available Online